| 000 | 00436nam a2200121Ia 4500 | ||
|---|---|---|---|
| 008 | 220620s9999||||xx |||||||||||||| ||und|| | ||
| 100 | _aOrhan Korhan | ||
| 245 | 0 | _aOccupational Health | |
| 546 | _aEnglish[eng] | ||
| 650 | _aEngineering||Physical Sciences||Engineering and Technology||Industrial Engineering and Management||Occupational Safety and Health | ||
| 856 | _uhttps://www.intechopen.com/books/occupational-health | ||
| 942 | _cEB | ||
| 999 |
_c32761 _d32761 |
||